| 000 | 00681nam a22001577a 4500 | ||
|---|---|---|---|
| 082 |
_a891.4392092 _bHAJ |
||
| 100 | _a Hijazi, Professor Dr Miskeen Ali | ||
| 245 |
_aMaktoob‑Nigari _cProfessor Dr Miskeen Ali Hijazi |
||
| 260 |
_aIslamabad; _bMuqtadra‑e‑Qaumi Zabān, _c1989. |
||
| 300 |
_a116p. : _c25cm. |
||
| 650 |
_aLetter Writing – Urdu Language _9129481 |
||
| 880 |
_6100-01\(3\r _aپروفیسر ڈاکٹر مسکین علی حجازی |
||
| 880 |
_6245-02\(3\r _aمکتوب نگاری _bپروفیسر ڈاکٹر مسکین علی حجازی |
||
| 880 |
_6260-03\(3\r _aاسلام آباد: _bمقتدرہ قومی زبان _c1989 |
||
| 942 |
_2ddc _cBK |
||
| 999 |
_c614144 _d614144 |
||